000 00600nam a2200169 a 4500
001 000043771
005 20201002044948.0
008 110614s1998 dr a 000 0 spa d
020 _a9945851993
040 _aDO-SdBNP
_bspa
_cBNPHU
111 2 _aConcurso de arte Eduardo León Jimenes
_d(1998: 26 de nov.
_cSanto Domingo
_n17: )
_971613
245 1 0 _aCatálogo de obras 1998 /
_cCarlos Acero Ruiz...[et.a.].
260 _aSantiago de los Caballeros , República Dominicana :
_bCentro León,
_c1998.
300 _a62 p. :
_bil. ; retrs. ;
_c31 cm.
700 1 2 _aAcero Ruiz, Carlos
_971614
049 _aBNPD
999 _c43260
_d43260